[Event "Rapide Nancy 2018"]
[Site "Nancy"]
[Date "2018.03.04"]
[Round "5.1"]
[White "KEKELIDZE, Mikheil"]
[Black "FEDORCHUK, Sergey"]
[Result "0-1"]
[BlackElo "2681"]
[WhiteElo "2408"]
[LiveChessVersion "1.4.8"]

1. d4 {[%clk 0:15:03]} Nf6 {[%clk 0:15:04]} 2. c4 {[%clk 0:15:05]} e6
{[%clk 0:15:04]} 3. Nf3 {[%clk 0:14:42]} Bb4+ {[%clk 0:14:54]} 4. Nbd2
{[%clk 0:14:39]} a5 {[%clk 0:14:54]} 5. g3 {[%clk 0:14:35]} b6 {[%clk 0:13:48]}
6. Bg2 {[%clk 0:14:35]} Bb7 {[%clk 0:13:49]} 7. O-O {[%clk 0:14:33]} O-O
{[%clk 0:13:43]} 8. Qc2 {[%clk 0:14:14]} Bxd2 {[%clk 0:13:27]} 9. Bxd2
{[%clk 0:14:04]} Be4 {[%clk 0:13:26]} 10. Qc3 {[%clk 0:13:24]} d6
{[%clk 0:13:25]} 11. Rfd1 {[%clk 0:12:20]} Nbd7 {[%clk 0:13:16]} 12. Be1
{[%clk 0:12:08]} h6 {[%clk 0:13:10]} 13. Rac1 {[%clk 0:12:03]} Qe7
{[%clk 0:12:34]} 14. Bh3 {[%clk 0:11:24]} Rfe8 {[%clk 0:12:14]} 15. b3
{[%clk 0:10:25]} Nh7 {[%clk 0:09:36]} 16. d5 {[%clk 0:07:06]} e5 {[%clk 0:08:38]}
17. Nh4 {[%clk 0:06:44]} Ng5 {[%clk 0:07:20]} 18. Bf1 {[%clk 0:04:32]} Bh7
{[%clk 0:07:14]} 19. f3 {[%clk 0:04:32]} f5 {[%clk 0:07:11]} 20. Bf2
{[%clk 0:04:06]} Rf8 {[%clk 0:06:57]} 21. a3 {[%clk 0:03:55]} f4 {[%clk 0:06:51]}
22. e4 {[%clk 0:02:47]} fxg3 {[%clk 0:05:59]} 23. hxg3 {[%clk 0:02:47]} Bxe4
{[%clk 0:05:57]} 24. fxe4 {[%clk 0:00:35]} Rxf2 {[%clk 0:05:17]} 25. Bg2
{[%clk 0:00:37]} Nf6 {[%clk 0:03:40]} 26. Qe3 {[%clk 0:00:28]} Ng4
{[%clk 0:03:25]} 27. Qe1 {[%clk 0:00:27]} Qf7 {[%clk 0:02:42]} 28. Rd2
{[%clk 0:00:17]} Rf8 {[%clk 0:02:30]} 29. Rxf2 {[%clk 0:00:11]} Nxf2
{[%clk 0:02:07]} 30. Rc2 {[%clk 0:00:07]} Ng4 {[%clk 0:01:17]} 31. Re2
{[%clk 0:00:08]} Qh5 {[%clk 0:01:10]} 32. b4 {[%clk 0:00:08]} axb4
{[%clk 0:01:06]} 33. axb4 {[%clk 0:00:11]} Nf6 {[%clk 0:00:59]} 34. Rf2
{[%clk 0:00:09]} Qg4 {[%clk 0:00:57]} 35. Qe3 {[%clk 0:00:08]} Nfxe4
{[%clk 0:00:48]} 36. Rxf8+ {[%clk 0:00:08]} Kxf8 {[%clk 0:00:50]} 37. Kh2
{[%clk 0:00:04]} Kg8 {[%clk 0:00:42]} 38. Qa3 {[%clk 0:00:05]} Nf6
{[%clk 0:00:34]} 39. Qd3 {[%clk 0:00:04]} e4 {[%clk 0:00:33]} 40. Qe3
{[%clk 0:00:06]} Qd1 {[%clk 0:00:25]} 41. Qf4 {[%clk 0:00:04]} Ng4+
{[%clk 0:00:23]} 0-1

[Event "Rapide Nancy 2018"]
[Site "Nancy"]
[Date "2018.03.04"]
[Round "5.2"]
[White "ALIENKIN, Aleksander"]
[Black "BELLAHCENE, Bilel"]
[Result "0-1"]
[BlackElo "2409"]
[WhiteElo "2397"]
[LiveChessVersion "1.4.8"]

1. d4 {[%clk 0:15:04]} e6 {[%clk 0:15:03]} 2. e4 {[%clk 0:14:56]} b6
{[%clk 0:15:05]} 3. Bd3 {[%clk 0:14:54]} Bb7 {[%clk 0:15:07]} 4. Nf3
{[%clk 0:14:52]} Nf6 {[%clk 0:15:08]} 5. Qe2 {[%clk 0:14:48]} d5 {[%clk 0:14:39]}
6. e5 {[%clk 0:14:46]} Ne4 {[%clk 0:14:01]} 7. Nbd2 {[%clk 0:14:41]} Nxd2
{[%clk 0:14:00]} 8. Bxd2 {[%clk 0:14:42]} Be7 {[%clk 0:14:02]} 9. h4
{[%clk 0:14:38]} c5 {[%clk 0:13:43]} 10. c3 {[%clk 0:14:35]} a5 {[%clk 0:13:30]}
11. Ng5 {[%clk 0:13:33]} Ba6 {[%clk 0:09:29]} 12. Bxa6 {[%clk 0:12:52]} Rxa6
{[%clk 0:09:31]} 13. Qd3 {[%clk 0:11:44]} h6 {[%clk 0:08:57]} 14. Nf3
{[%clk 0:11:40]} a4 {[%clk 0:08:33]} 15. Rh3 {[%clk 0:11:34]} c4 {[%clk 0:06:17]}
16. Qc2 {[%clk 0:11:32]} Kd7 {[%clk 0:05:39]} 17. a3 {[%clk 0:11:27]} b5
{[%clk 0:05:29]} 18. h5 {[%clk 0:11:08]} Qg8 {[%clk 0:05:10]} 19. g4
{[%clk 0:10:37]} Nc6 {[%clk 0:05:10]} 20. Ke2 {[%clk 0:10:32]} f6
{[%clk 0:04:46]} 21. Bf4 {[%clk 0:09:41]} Ra8 {[%clk 0:04:48]} 22. Bg3
{[%clk 0:09:17]} Qf7 {[%clk 0:04:19]} 23. exf6 {[%clk 0:08:52]} gxf6
{[%clk 0:03:33]} 24. Nh4 {[%clk 0:07:56]} f5 {[%clk 0:03:35]} 25. gxf5
{[%clk 0:07:39]} Bxh4 {[%clk 0:03:29]} 26. Rxh4 {[%clk 0:07:39]} exf5
{[%clk 0:03:24]} 27. Qd2 {[%clk 0:07:30]} Rae8+ {[%clk 0:03:23]} 28. Kf1
{[%clk 0:07:31]} Re4 {[%clk 0:03:20]} 29. Re1 {[%clk 0:07:22]} Rxh4
{[%clk 0:02:38]} 30. Bxh4 {[%clk 0:07:23]} Qxh5 {[%clk 0:02:36]} 31. Bg3
{[%clk 0:05:12]} Qh1+ {[%clk 0:02:07]} 32. Ke2 {[%clk 0:05:14]} Re8+
{[%clk 0:01:53]} 33. Be5 {[%clk 0:05:16]} Qh5+ {[%clk 0:01:46]} 34. Kf1
{[%clk 0:05:12]} Qh3+ {[%clk 0:01:38]} 35. Ke2 {[%clk 0:05:05]} Nxe5
{[%clk 0:01:36]} 36. dxe5 {[%clk 0:05:07]} Rxe5+ {[%clk 0:01:38]} 37. Kd1
{[%clk 0:05:09]} Qf3+ {[%clk 0:01:21]} 38. Kc1 {[%clk 0:05:10]} Rxe1+
{[%clk 0:01:21]} 39. Qxe1 {[%clk 0:05:12]} Qf4+ {[%clk 0:01:20]} 40. Kd1
{[%clk 0:05:11]} Qe4 {[%clk 0:00:38]} 41. Qf1 {[%clk 0:04:46]} Qb1+
{[%clk 0:00:40]} 0-1

[Event "Rapide Nancy 2018"]
[Site "Nancy"]
[Date "2018.03.04"]
[Round "5.3"]
[White "GULIYEV, Namig"]
[Black "CORNETTE, Matthieu"]
[Result "1/2-1/2"]
[BlackElo "2621"]
[WhiteElo "2481"]
[LiveChessVersion "1.4.8"]

1. e4 {[%clk 0:15:05]} c5 {[%clk 0:15:03]} 2. Nf3 {[%clk 0:15:07]} Nc6
{[%clk 0:15:04]} 3. d4 {[%clk 0:15:08]} cxd4 {[%clk 0:15:05]} 4. Nxd4
{[%clk 0:15:09]} e5 {[%clk 0:15:05]} 5. Nb5 {[%clk 0:15:11]} d6 {[%clk 0:15:06]}
6. N1c3 {[%clk 0:15:12]} a6 {[%clk 0:15:08]} 7. Na3 {[%clk 0:15:14]} Be7
{[%clk 0:15:09]} 8. Nd5 {[%clk 0:15:02]} Nf6 {[%clk 0:15:07]} 9. Nxf6+
{[%clk 0:14:54]} Bxf6 {[%clk 0:15:07]} 10. Nc4 {[%clk 0:14:48]} O-O
{[%clk 0:15:05]} 11. c3 {[%clk 0:14:39]} Be7 {[%clk 0:14:49]} 12. Be3
{[%clk 0:14:12]} Be6 {[%clk 0:14:50]} 13. Nb6 {[%clk 0:13:46]} Rb8
{[%clk 0:14:51]} 14. Be2 {[%clk 0:13:46]} Bg5 {[%clk 0:14:37]} 15. Bxg5
{[%clk 0:13:08]} Qxg5 {[%clk 0:14:36]} 16. O-O {[%clk 0:13:08]} Qd8
{[%clk 0:13:49]} 17. Nc4 {[%clk 0:12:53]} d5 {[%clk 0:13:13]} 18. exd5
{[%clk 0:12:46]} 1/2-1/2

[Event "Rapide Nancy 2018"]
[Site "Nancy"]
[Date "2018.03.04"]
[Round "5.4"]
[White "BOK, Benjamin"]
[Black "BEREND, Elvira"]
[Result "1-0"]
[BlackElo "2366"]
[WhiteElo "2619"]
[LiveChessVersion "1.4.8"]

1. c4 {[%clk 0:15:03]} e5 {[%clk 0:14:52]} 2. Nc3 {[%clk 0:15:04]} Nf6
{[%clk 0:14:52]} 3. Nf3 {[%clk 0:15:05]} Nc6 {[%clk 0:14:50]} 4. g3
{[%clk 0:15:07]} g6 {[%clk 0:14:41]} 5. d4 {[%clk 0:14:17]} exd4 {[%clk 0:14:38]}
6. Nxd4 {[%clk 0:14:19]} Bg7 {[%clk 0:14:36]} 7. Bg2 {[%clk 0:13:46]} O-O
{[%clk 0:14:30]} 8. O-O {[%clk 0:13:45]} Nxd4 {[%clk 0:14:22]} 9. Qxd4
{[%clk 0:13:46]} d6 {[%clk 0:14:21]} 10. Qd2 {[%clk 0:13:38]} Re8
{[%clk 0:14:12]} 11. b3 {[%clk 0:13:29]} Rb8 {[%clk 0:13:49]} 12. Bb2
{[%clk 0:13:27]} a6 {[%clk 0:13:23]} 13. Rfd1 {[%clk 0:10:47]} Qe7
{[%clk 0:11:57]} 14. e4 {[%clk 0:08:48]} Bg4 {[%clk 0:11:29]} 15. f3
{[%clk 0:08:34]} Be6 {[%clk 0:11:31]} 16. Rac1 {[%clk 0:08:29]} h5
{[%clk 0:10:48]} 17. Nd5 {[%clk 0:07:49]} Bxd5 {[%clk 0:10:32]} 18. cxd5
{[%clk 0:07:51]} h4 {[%clk 0:10:21]} 19. Rc2 {[%clk 0:07:04]} hxg3
{[%clk 0:10:18]} 20. hxg3 {[%clk 0:07:06]} Rbc8 {[%clk 0:09:01]} 21. Rdc1
{[%clk 0:06:25]} Nh5 {[%clk 0:08:53]} 22. Bxg7 {[%clk 0:06:24]} Kxg7
{[%clk 0:08:55]} 23. g4 {[%clk 0:01:13]} Ng3 {[%clk 0:05:24]} 24. Qf2
{[%clk 0:01:13]} Qh4 {[%clk 0:05:20]} 25. Rxc7 {[%clk 0:01:15]} Rxc7
{[%clk 0:04:41]} 26. Rxc7 {[%clk 0:01:16]} Kg8 {[%clk 0:03:49]} 27. Rc3
{[%clk 0:01:03]} Qf6 {[%clk 0:03:21]} 28. Rc2 {[%clk 0:00:53]} Qe5
{[%clk 0:03:01]} 29. Bh3 {[%clk 0:00:25]} f5 {[%clk 0:02:47]} 30. Kg2
{[%clk 0:00:15]} f4 {[%clk 0:02:48]} 31. Qe1 {[%clk 0:00:13]} Qd4
{[%clk 0:02:16]} 32. Qd2 {[%clk 0:00:07]} Qxd2+ {[%clk 0:02:07]} 33. Rxd2
{[%clk 0:00:09]} Rc8 {[%clk 0:02:09]} 34. g5 {[%clk 0:00:08]} Re8
{[%clk 0:01:39]} 35. Rc2 {[%clk 0:00:07]} Re7 {[%clk 0:01:42]} 36. Be6+
{[%clk 0:00:08]} Kg7 {[%clk 0:01:44]} 37. Kh3 {[%clk 0:00:09]} Nf1
{[%clk 0:01:40]} 38. Rc8 {[%clk 0:00:08]} Ne3 {[%clk 0:01:42]} 39. Rd8
{[%clk 0:00:08]} Rc7 {[%clk 0:01:42]} 40. Rd7+ {[%clk 0:00:06]} Rxd7
{[%clk 0:01:44]} 41. Bxd7 {[%clk 0:00:08]} b6 {[%clk 0:01:43]} 42. Be8
{[%clk 0:00:08]} Kh7 {[%clk 0:01:43]} 43. e5 {[%clk 0:00:06]} Nf5
{[%clk 0:00:34]} 44. exd6 {[%clk 0:00:08]} Nxd6 {[%clk 0:00:36]} 45. Bc6
{[%clk 0:00:10]} Kg7 {[%clk 0:00:32]} 46. Kg4 {[%clk 0:00:13]} Kf7
{[%clk 0:00:34]} 47. Kxf4 Ke7 48. Ke3 {[%clk 0:00:12]} Nf7 {[%clk 0:00:38]} 49.
f4 {[%clk 0:00:14]} Nd6 {[%clk 0:00:40]} 50. Kd4 {[%clk 0:00:16]} Nf5+
{[%clk 0:00:41]} 51. Ke5 {[%clk 0:00:16]} Nd6 {[%clk 0:00:42]} 52. b4
{[%clk 0:00:15]} Nf7+ {[%clk 0:00:44]} 53. Kd4 {[%clk 0:00:17]} Nd6
{[%clk 0:00:46]} 54. Ba4 {[%clk 0:00:18]} Nf5+ {[%clk 0:00:46]} 55. Ke5
{[%clk 0:00:17]} Nd6 {[%clk 0:00:44]} 56. Bc2 {[%clk 0:00:17]} Nf7+
{[%clk 0:00:20]} 57. Kd4 {[%clk 0:00:19]} Nh8 {[%clk 0:00:22]} 58. Bd3
{[%clk 0:00:21]} a5 {[%clk 0:00:24]} 59. bxa5 {[%clk 0:00:22]} bxa5
{[%clk 0:00:26]} 60. Ke4 1-0

[Event "Rapide Nancy 2018"]
[Site "Nancy"]
[Date "2018.03.04"]
[Round "6.1"]
[White "FEDORCHUK, Sergey"]
[Black "BELLAHCENE, Bilel"]
[Result "1-0"]
[BlackElo "2409"]
[WhiteElo "2681"]
[LiveChessVersion "1.4.8"]

1. e4 {[%clk 0:15:03]} c5 {[%clk 0:14:38]} 2. Nf3 {[%clk 0:14:57]} d6
{[%clk 0:14:39]} 3. d4 {[%clk 0:14:51]} cxd4 {[%clk 0:14:41]} 4. Nxd4
{[%clk 0:14:46]} Nf6 {[%clk 0:14:43]} 5. Nc3 {[%clk 0:14:46]} a6 {[%clk 0:14:45]}
6. h3 {[%clk 0:14:46]} e6 {[%clk 0:14:44]} 7. g4 {[%clk 0:14:46]} h6
{[%clk 0:14:46]} 8. Bg2 {[%clk 0:14:40]} Be7 {[%clk 0:14:49]} 9. Be3
{[%clk 0:12:58]} Nc6 {[%clk 0:14:50]} 10. Qd2 {[%clk 0:12:58]} Nd7
{[%clk 0:13:09]} 11. O-O-O {[%clk 0:10:52]} Nde5 {[%clk 0:10:33]} 12. Qe2
{[%clk 0:10:10]} O-O {[%clk 0:08:28]} 13. f4 {[%clk 0:09:23]} Nxd4
{[%clk 0:08:29]} 14. Rxd4 {[%clk 0:08:41]} Nc6 {[%clk 0:08:11]} 15. Rdd1
{[%clk 0:08:36]} b5 {[%clk 0:07:41]} 16. h4 {[%clk 0:07:34]} Qa5 {[%clk 0:06:58]}
17. Qf2 {[%clk 0:06:28]} Rb8 {[%clk 0:05:41]} 18. Kb1 {[%clk 0:06:30]} b4
{[%clk 0:04:39]} 19. Ne2 {[%clk 0:06:32]} Bd7 {[%clk 0:04:42]} 20. e5
{[%clk 0:05:35]} d5 {[%clk 0:04:29]} 21. Nd4 {[%clk 0:05:36]} b3 {[%clk 0:03:14]}
22. cxb3 {[%clk 0:04:16]} Nb4 {[%clk 0:03:11]} 23. a3 {[%clk 0:04:10]} Nc6
{[%clk 0:03:13]} 24. Nxc6 {[%clk 0:02:58]} Bxc6 {[%clk 0:03:16]} 25. b4
{[%clk 0:03:00]} Qc7 {[%clk 0:03:09]} 26. Bc5 {[%clk 0:02:12]} a5
{[%clk 0:03:06]} 27. Bxe7 {[%clk 0:01:43]} Qxe7 {[%clk 0:03:08]} 28. Qc5
{[%clk 0:01:45]} Qb7 {[%clk 0:01:15]} 29. Qxa5 {[%clk 0:01:13]} Bb5
{[%clk 0:00:34]} 30. Bf1 {[%clk 0:00:55]} Bc6 {[%clk 0:00:29]} 31. Ba6
{[%clk 0:00:27]} Qd7 {[%clk 0:00:24]} 32. Bd3 {[%clk 0:00:19]} d4
{[%clk 0:00:25]} 33. Rhe1 {[%clk 0:00:14]} Ra8 {[%clk 0:00:16]} 34. Qc5
{[%clk 0:00:15]} Rfc8 {[%clk 0:00:18]} 35. Qd6 {[%clk 0:00:15]} Qa7
{[%clk 0:00:07]} 36. Rc1 {[%clk 0:00:17]} Bf3 {[%clk 0:00:08]} 37. Rxc8+
{[%clk 0:00:18]} Rxc8 {[%clk 0:00:10]} 38. g5 {[%clk 0:00:19]} hxg5
{[%clk 0:00:05]} 39. hxg5 {[%clk 0:00:21]} Bd5 {[%clk 0:00:06]} 40. Rc1
{[%clk 0:00:19]} Rb8 {[%clk 0:00:05]} 41. Rc5 {[%clk 0:00:15]} Qa8
{[%clk 0:00:05]} 42. g6 {[%clk 0:00:12]} Bb3 {[%clk 0:00:06]} 43. gxf7+
{[%clk 0:00:13]} Kxf7 {[%clk 0:00:06]} 44. Qd7+ {[%clk 0:00:14]} Kg8
{[%clk 0:00:08]} 45. Rc1 {[%clk 0:00:15]} Qf3 {[%clk 0:00:10]} 46. Bc2
{[%clk 0:00:14]} Bxc2+ {[%clk 0:00:06]} 47. Rxc2 {[%clk 0:00:15]} d3
{[%clk 0:00:04]} 48. Qxe6+ {[%clk 0:00:16]} Kh7 {[%clk 0:00:05]} 49. Rh2+
{[%clk 0:00:17]} 1-0

[Event "Rapide Nancy 2018"]
[Site "Nancy"]
[Date "2018.03.04"]
[Round "6.2"]
[White "LENAERTS, Lennert"]
[Black "BOK, Benjamin"]
[Result "1/2-1/2"]
[BlackElo "2619"]
[WhiteElo "2225"]
[LiveChessVersion "1.4.8"]

1. d4 {[%clk 0:15:04]} Nf6 {[%clk 0:14:58]} 2. c4 {[%clk 0:15:05]} e6
{[%clk 0:14:57]} 3. Nc3 {[%clk 0:15:06]} Bb4 {[%clk 0:14:58]} 4. Qc2
{[%clk 0:15:07]} O-O {[%clk 0:14:08]} 5. a3 {[%clk 0:15:09]} Bxc3+
{[%clk 0:14:09]} 6. Qxc3 {[%clk 0:15:10]} b6 {[%clk 0:14:10]} 7. Bg5
{[%clk 0:15:11]} Bb7 {[%clk 0:13:35]} 8. f3 {[%clk 0:15:11]} d5 {[%clk 0:11:32]}
9. e3 {[%clk 0:15:12]} Nbd7 {[%clk 0:11:07]} 10. cxd5 {[%clk 0:15:12]} exd5
{[%clk 0:10:10]} 11. Bd3 {[%clk 0:15:12]} Re8 {[%clk 0:10:00]} 12. Ne2
{[%clk 0:15:13]} h6 {[%clk 0:09:43]} 13. Bh4 {[%clk 0:15:14]} c5 {[%clk 0:09:20]}
14. O-O {[%clk 0:15:06]} Qe7 {[%clk 0:07:12]} 15. Bf2 {[%clk 0:14:39]} Rac8
{[%clk 0:06:23]} 16. Rae1 {[%clk 0:14:14]} cxd4 {[%clk 0:05:28]} 17. Qxd4
{[%clk 0:14:09]} Ne5 {[%clk 0:05:28]} 18. Rc1 {[%clk 0:12:10]} Nxd3
{[%clk 0:04:03]} 19. Qxd3 {[%clk 0:12:11]} Rc5 {[%clk 0:04:02]} 20. b4
{[%clk 0:11:59]} Rc4 {[%clk 0:03:06]} 21. Rxc4 {[%clk 0:10:15]} Ba6
{[%clk 0:03:08]} 22. Rc7 {[%clk 0:10:16]} Bxd3 {[%clk 0:03:09]} 23. Rxe7
{[%clk 0:10:18]} Rxe7 {[%clk 0:03:11]} 24. Re1 {[%clk 0:10:19]} Bxe2
{[%clk 0:02:39]} 25. Rxe2 {[%clk 0:10:21]} Rc7 {[%clk 0:02:39]} 26. Bh4
{[%clk 0:09:25]} Rc3 {[%clk 0:02:07]} 27. Bxf6 {[%clk 0:09:27]} gxf6
{[%clk 0:02:09]} 28. Rd2 {[%clk 0:09:29]} Rxe3 {[%clk 0:01:46]} 29. Rxd5
{[%clk 0:09:30]} Rxa3 {[%clk 0:01:48]} 30. Kf2 {[%clk 0:09:22]} Kg7
{[%clk 0:01:32]} 31. Rd7 {[%clk 0:09:14]} b5 {[%clk 0:01:25]} 32. Rb7
{[%clk 0:09:07]} a6 {[%clk 0:01:27]} 33. Rb6 {[%clk 0:09:09]} Kg6
{[%clk 0:01:20]} 34. g4 {[%clk 0:09:00]} Ra4 {[%clk 0:00:41]} 35. Kg3
{[%clk 0:08:53]} Rxb4 {[%clk 0:00:34]} 36. Rxa6 {[%clk 0:08:54]} Rc4
{[%clk 0:00:36]} 37. Rb6 {[%clk 0:08:51]} Rc5 {[%clk 0:00:20]} 38. h4
{[%clk 0:08:50]} Kg7 {[%clk 0:00:22]} 39. h5 {[%clk 0:08:28]} f5 {[%clk 0:00:23]}
40. Kf4 {[%clk 0:07:58]} fxg4 {[%clk 0:00:23]} 41. fxg4 {[%clk 0:08:00]} Rc4+
{[%clk 0:00:21]} 42. Kf5 {[%clk 0:07:48]} Rc5+ {[%clk 0:00:13]} 43. Kf4
{[%clk 0:07:50]} Rd5 {[%clk 0:00:14]} 44. Ke4 {[%clk 0:07:46]} Rg5
{[%clk 0:00:16]} 45. Kf4 {[%clk 0:07:48]} Rc5 {[%clk 0:00:18]} 46. Ke4
{[%clk 0:07:46]} Rc4+ {[%clk 0:00:15]} 47. Kf5 {[%clk 0:07:48]} Rb4
{[%clk 0:00:12]} 48. Rb7 {[%clk 0:04:43]} Rb1 {[%clk 0:00:14]} 49. Rb6
{[%clk 0:04:36]} b4 {[%clk 0:00:12]} 50. Kf4 {[%clk 0:04:38]} b3 {[%clk 0:00:11]}
51. Kg3 {[%clk 0:04:40]} b2 {[%clk 0:00:08]} 52. Kg2 {[%clk 0:04:38]} f6
{[%clk 0:00:08]} 53. Rb7+ {[%clk 0:04:33]} Kf8 {[%clk 0:00:10]} 54. Kh2
{[%clk 0:04:32]} Ke8 {[%clk 0:00:12]} 55. Kg2 {[%clk 0:04:34]} Kd8
{[%clk 0:00:14]} 56. Kh2 {[%clk 0:04:30]} Kc8 {[%clk 0:00:16]} 57. Rb3
{[%clk 0:04:31]} Kc7 {[%clk 0:00:18]} 58. Kg2 {[%clk 0:04:28]} Kc6
{[%clk 0:00:20]} 59. Rb8 {[%clk 0:04:26]} Kc5 {[%clk 0:00:21]} 60. Kh2
{[%clk 0:04:09]} Kd4 {[%clk 0:00:22]} 61. Kg2 {[%clk 0:04:05]} Ke3
{[%clk 0:00:07]} 62. Rb3+ {[%clk 0:03:47]} Kf4 {[%clk 0:00:09]} 63. Rb4+
{[%clk 0:03:49]} Kg5 {[%clk 0:00:10]} 64. Kh2 {[%clk 0:03:45]} Rf1
{[%clk 0:00:08]} 65. Rxb2 {[%clk 0:03:46]} Kxg4 {[%clk 0:00:10]} 66. Rg2+
{[%clk 0:03:33]} Kxh5 {[%clk 0:00:10]} 67. Rg8 {[%clk 0:03:35]} Rf5
{[%clk 0:00:08]} 68. Kh3 {[%clk 0:03:35]} Rg5 {[%clk 0:00:09]} 69. Rf8
{[%clk 0:03:37]} Kg6 {[%clk 0:00:10]} 70. Ra8 {[%clk 0:03:27]} Rb5
{[%clk 0:00:11]} 71. Kg4 {[%clk 0:03:23]} h5+ {[%clk 0:00:10]} 72. Kf4
{[%clk 0:03:08]} Rb4+ {[%clk 0:00:12]} 73. Kg3 {[%clk 0:03:04]} Kg5
{[%clk 0:00:11]} 74. Rg8+ {[%clk 0:02:59]} Kf5 {[%clk 0:00:13]} 75. Rh8
{[%clk 0:02:45]} h4+ {[%clk 0:00:11]} 76. Kh3 {[%clk 0:02:44]} Re4
{[%clk 0:00:09]} 77. Rh5+ {[%clk 0:02:38]} Ke6 {[%clk 0:00:06]} 78. Ra5
{[%clk 0:02:22]} f5 {[%clk 0:00:07]} 79. Ra6+ {[%clk 0:02:11]} Ke5
{[%clk 0:00:09]} 80. Ra5+ {[%clk 0:02:12]} Kf6 {[%clk 0:00:08]} 81. Ra8
{[%clk 0:02:11]} Rd4 {[%clk 0:00:09]} 82. Rb8 {[%clk 0:02:01]} Re4
{[%clk 0:00:06]} 83. Ra8 {[%clk 0:02:03]} Ke5 {[%clk 0:00:06]} 84. Ra5+
{[%clk 0:02:01]} Kf6 {[%clk 0:00:08]} 1/2-1/2

[Event "Rapide Nancy 2018"]
[Site "Nancy"]
[Date "2018.03.04"]
[Round "6.3"]
[White "CORNETTE, Matthieu"]
[Black "LE ROUX, Jean-Pierre"]
[Result "1/2-1/2"]
[BlackElo "2563"]
[WhiteElo "2621"]
[LiveChessVersion "1.4.8"]

1. d4 {[%clk 0:15:02]} Nf6 {[%clk 0:15:01]} 2. Bf4 {[%clk 0:15:03]} c5
{[%clk 0:14:47]} 3. d5 {[%clk 0:14:58]} b5 {[%clk 0:14:45]} 4. f3
{[%clk 0:14:31]} Nh5 {[%clk 0:13:59]} 5. Bc1 {[%clk 0:13:49]} e6 {[%clk 0:13:42]}
6. Nh3 {[%clk 0:13:32]} c4 {[%clk 0:10:08]} 7. a4 {[%clk 0:12:54]} Bc5
{[%clk 0:08:23]} 8. axb5 {[%clk 0:12:49]} Bb7 {[%clk 0:07:40]} 9. e4
{[%clk 0:11:25]} exd5 {[%clk 0:06:51]} 10. exd5 {[%clk 0:11:26]} O-O
{[%clk 0:06:33]} 11. Bg5 {[%clk 0:11:19]} Qc7 {[%clk 0:05:34]} 12. Nc3
{[%clk 0:10:13]} h6 {[%clk 0:04:25]} 13. Bh4 {[%clk 0:10:13]} Re8+
{[%clk 0:03:28]} 14. Be2 {[%clk 0:10:10]} a6 {[%clk 0:02:55]} 15. Kf1
{[%clk 0:07:27]} axb5 {[%clk 0:01:47]} 16. Rxa8 {[%clk 0:07:28]} Bxa8
{[%clk 0:01:49]} 17. Nxb5 {[%clk 0:07:24]} Qe5 {[%clk 0:00:59]} 18. Bxc4
{[%clk 0:05:58]} Qxb2 {[%clk 0:01:00]} 19. Nc7 {[%clk 0:05:59]} Qb4
{[%clk 0:00:56]} 20. Bb3 {[%clk 0:04:44]} Qxh4 {[%clk 0:00:35]} 21. Nxe8
{[%clk 0:04:43]} Qd8 {[%clk 0:00:08]} 22. Qe2 {[%clk 0:04:14]} Bb7
{[%clk 0:00:06]} 23. g4 {[%clk 0:04:00]} Qh4 {[%clk 0:00:08]} 24. Kg2
{[%clk 0:03:47]} Qxh3+ {[%clk 0:00:10]} 25. Kxh3 {[%clk 0:03:42]} Nf4+
{[%clk 0:00:12]} 26. Kg3 {[%clk 0:03:36]} Nxe2+ {[%clk 0:00:14]} 27. Kg2
{[%clk 0:03:38]} Nf4+ {[%clk 0:00:16]} 28. Kg3 {[%clk 0:03:40]} Ne2+
{[%clk 0:00:18]} 29. Kg2 Nf4+ {[%clk 0:00:12]} 1/2-1/2

[Event "Rapide Nancy 2018"]
[Site "Nancy"]
[Date "2018.03.04"]
[Round "6.4"]
[White "GUREVICH, Mikhail"]
[Black "VAN FOREEST, Lucas"]
[Result "1-0"]
[BlackElo "2349"]
[WhiteElo "2594"]
[LiveChessVersion "1.4.8"]

1. c4 {[%clk 0:15:02]} Nf6 {[%clk 0:15:06]} 2. Nc3 {[%clk 0:15:04]} e6
{[%clk 0:15:08]} 3. d4 {[%clk 0:14:48]} Bb4 {[%clk 0:15:09]} 4. e3
{[%clk 0:14:49]} O-O {[%clk 0:15:10]} 5. Nge2 {[%clk 0:14:52]} c6
{[%clk 0:15:04]} 6. a3 {[%clk 0:14:43]} Ba5 {[%clk 0:15:06]} 7. g3
{[%clk 0:12:30]} d5 {[%clk 0:15:07]} 8. b3 {[%clk 0:12:32]} dxc4 {[%clk 0:14:19]}
9. bxc4 {[%clk 0:12:33]} e5 {[%clk 0:14:21]} 10. Bg2 {[%clk 0:12:04]} exd4
{[%clk 0:14:19]} 11. Qxd4 {[%clk 0:12:00]} Qxd4 {[%clk 0:13:49]} 12. exd4
{[%clk 0:12:01]} Be6 {[%clk 0:13:37]} 13. d5 {[%clk 0:11:30]} cxd5
{[%clk 0:13:34]} 14. O-O {[%clk 0:11:29]} d4 {[%clk 0:13:20]} 15. Bxb7
{[%clk 0:11:07]} dxc3 {[%clk 0:13:16]} 16. Bxa8 {[%clk 0:10:55]} Bxc4
{[%clk 0:13:17]} 17. Bf3 {[%clk 0:10:41]} Re8 {[%clk 0:13:17]} 18. Be3
{[%clk 0:10:32]} Nbd7 {[%clk 0:13:10]} 19. Rfc1 {[%clk 0:09:53]} Ne5
{[%clk 0:12:26]} 20. Nd4 {[%clk 0:09:54]} Nd5 {[%clk 0:11:55]} 21. Be2
{[%clk 0:08:08]} Nxe3 {[%clk 0:11:26]} 22. fxe3 {[%clk 0:08:09]} Nd3
{[%clk 0:10:17]} 23. Bxd3 {[%clk 0:05:28]} Bxd3 {[%clk 0:10:19]} 24. Nb3
{[%clk 0:05:30]} Bb6 {[%clk 0:10:10]} 25. Rxc3 {[%clk 0:05:31]} Rxe3
{[%clk 0:10:11]} 26. Nc5 {[%clk 0:05:25]} Re2 {[%clk 0:07:13]} 27. Rxd3
{[%clk 0:04:52]} Bxc5+ {[%clk 0:07:14]} 28. Kh1 {[%clk 0:04:52]} h6
{[%clk 0:06:53]} 29. Rc1 {[%clk 0:04:34]} Bb6 {[%clk 0:06:49]} 30. Rf3
{[%clk 0:04:34]} f6 {[%clk 0:06:36]} 31. Rfc3 {[%clk 0:04:26]} Kh7
{[%clk 0:06:32]} 32. R1c2 {[%clk 0:04:26]} Re1+ {[%clk 0:06:30]} 33. Kg2
{[%clk 0:04:28]} h5 {[%clk 0:06:30]} 34. Kf3 {[%clk 0:04:21]} Re5
{[%clk 0:06:19]} 35. Rd3 {[%clk 0:04:01]} Rf5+ {[%clk 0:06:21]} 36. Kg2
{[%clk 0:03:59]} Re5 {[%clk 0:06:19]} 37. Rcd2 {[%clk 0:03:57]} Re4
{[%clk 0:06:19]} 38. Kf3 {[%clk 0:03:56]} Ra4 {[%clk 0:06:19]} 39. Rc2
{[%clk 0:03:50]} Ra5 {[%clk 0:06:09]} 40. h3 {[%clk 0:03:46]} Rf5+
{[%clk 0:06:09]} 41. Kg2 {[%clk 0:03:48]} Rg5 {[%clk 0:06:09]} 42. Rc4
{[%clk 0:03:48]} Re5 {[%clk 0:06:07]} 43. Kf3 {[%clk 0:03:45]} Rf5+
{[%clk 0:06:04]} 44. Rf4 {[%clk 0:03:45]} Re5 {[%clk 0:06:06]} 45. g4
{[%clk 0:03:32]} hxg4+ {[%clk 0:06:06]} 46. hxg4 {[%clk 0:03:34]} Kg6
{[%clk 0:06:05]} 47. Re4 {[%clk 0:03:33]} Ra5 {[%clk 0:05:49]} 48. a4
{[%clk 0:03:34]} f5 {[%clk 0:05:28]} 49. gxf5+ {[%clk 0:03:27]} Rxf5+
{[%clk 0:05:17]} 50. Rf4 {[%clk 0:03:28]} Re5 {[%clk 0:05:04]} 51. Rd6+
{[%clk 0:03:30]} Kh7 {[%clk 0:05:02]} 52. Rh4+ {[%clk 0:03:24]} Kg8
{[%clk 0:05:04]} 53. Re4 {[%clk 0:03:26]} Rf5+ {[%clk 0:04:57]} 54. Kg4
{[%clk 0:03:28]} Rf1 {[%clk 0:04:58]} 55. Rd7 {[%clk 0:03:28]} Kh7
{[%clk 0:04:51]} 56. Rf4 {[%clk 0:03:28]} Rc1 {[%clk 0:04:48]} 57. Kf3
{[%clk 0:03:16]} Rg1 {[%clk 0:04:45]} 58. Rh4+ {[%clk 0:03:16]} Kg8
{[%clk 0:04:47]} 59. Rg4 {[%clk 0:03:15]} Rf1+ {[%clk 0:04:45]} 60. Ke4
{[%clk 0:03:13]} Re1+ {[%clk 0:04:44]} 61. Kd5 {[%clk 0:03:11]} Rd1+
{[%clk 0:04:46]} 62. Kc6 {[%clk 0:03:13]} Rxd7 {[%clk 0:04:47]} 63. Kxd7
{[%clk 0:03:15]} Kf7 {[%clk 0:04:50]} 64. Kd6 {[%clk 0:03:04]} Kf6
{[%clk 0:04:48]} 65. Kd5 {[%clk 0:03:06]} g5 {[%clk 0:04:39]} 66. Ke4
{[%clk 0:03:08]} a5 {[%clk 0:04:20]} 67. Rg2 {[%clk 0:03:09]} Bc5
{[%clk 0:04:22]} 68. Rc2 {[%clk 0:03:11]} Bb4 {[%clk 0:04:22]} 69. Rc6+
{[%clk 0:03:13]} Ke7 {[%clk 0:04:23]} 70. Ke5 {[%clk 0:03:08]} Kd7
{[%clk 0:04:23]} 71. Rg6 {[%clk 0:03:06]} Be7 {[%clk 0:04:12]} 72. Rg7
{[%clk 0:03:07]} 1-0